Tự học, tự kiểm tra theo chuẩn kiến thức, kĩ năng môn sinh học 10

Yêu cầu chung về tự học, tự kiểm tra theo chuẩn kiến thức kĩ năng môn học. Tự học theo hệ thống câu hỏi và bài tập phần "Sinh học tế bào, Sinh học vi sinh vật". Tự kiểm tra thường xuyên và định kì.

Αποθηκεύτηκε σε:
Λεπτομέρειες βιβλιογραφικής εγγραφής
Κύριος συγγραφέας: Lê Đình Trung
Άλλοι συγγραφείς: Vũ Đình Luận (b.s.), Trịnh Nguyên Giao (b.s.)
Μορφή: Βιβλίο
Γλώσσα:Vietnamese
Έκδοση: H. Đại học Sư phạm 2010
Θέματα:
Ετικέτες: Προσθήκη ετικέτας
Δεν υπάρχουν, Καταχωρήστε ετικέτα πρώτοι!
Thư viện lưu trữ: Mạng thư viện Đại học Đà Nẵng
LEADER 01838aam a22004578a 4500
001 000023051
003 19500
005 20150529090536.0
008 150527s2010 viesd
020 |c 21500đ  |d 5000b 
041 0 |a vie 
082 1 4 |2 14  |a 570.712  |b LÊ-T 
100 1 |a Lê Đình Trung 
245 1 0 |a Tự học, tự kiểm tra theo chuẩn kiến thức, kĩ năng môn sinh học 10  |c Lê Đình Trung (ch.b.), Trịnh Nguyên Giao, Vũ Đình Luận 
260 |a H.  |b Đại học Sư phạm  |c 2010 
300 |a 129 tr.  |b bảng  |c 24 cm. 
504 |a Thư mục đầu sách 
520 3 |a Yêu cầu chung về tự học, tự kiểm tra theo chuẩn kiến thức kĩ năng môn học. Tự học theo hệ thống câu hỏi và bài tập phần "Sinh học tế bào, Sinh học vi sinh vật". Tự kiểm tra thường xuyên và định kì. 
650 0 4 |2 Bộ TK TVQG  |a Sinh học  |x Giáo dục trung học 
650 0 4 |2 Bộ TK TVQG  |a Sinh học  |x Dạy và học 
650 7 |2 Bộ TK TVQG 
650 7 |2 Bộ TK TVQG 
650 7 |2 Bộ TK TVQG 
650 7 |2 Bộ TK TVQG 
653 |a Sinh học tế bào 
653 |a Sinh học vi sinh vât 
653 |a Tự học 
653 |a Sinh học lớp 10 
655 7 |2 Bộ TK TVQG  |a Sách đọc thêm 
700 1 |a Vũ Đình Luận  |e b.s. 
700 1 |a Trịnh Nguyên Giao  |e b.s. 
OWN |a LSP 
AVA |a UDN50  |b LSP  |d 570.712 LÊ-T  |e available  |t Error 5001 Not defined in file expand_doc_bib_avail.  |f 5  |g 0  |h N  |i 0  |k 1 
999 |a From the UDN01 
AVA |a UDN50  |b LSP  |d 570.712 LÊ-T  |e available  |t Error 5001 Not defined in file expand_doc_bib_avail.  |f 5  |g 0  |h N  |i 0  |k 1 
TYP |a Monograph 
TYP |a Printed language 
980 |a Mạng thư viện Đại học Đà Nẵng